Trnavský hlas

Bibliographic Details
Other Authors: Kopúnek, Gabriel (Publishing director)
Format: Newspaper
Language:Slovak
PhysicalDescription:zv. 31-39 cm
Published: Trnava WebHouse 2009-2012
ISSN:1338-0478
Subjects:

MARC

LEADER 00000nas a2200000 a 4500
001 vtls010029666
003 SK-MaSNL
005 20260228163826.0
008 091208d20092012xo wr ne 0 b0slo
022 |a 1338-0478 
040 |a SNK  |b slo  |c SNK  |e AACR2 
041 0 |a slo 
043 |a e-xo--- 
044 |a xo  |c SK 
072 7 |a 352/354  |x Stupne miestnej, oblastnej a ústrednej správy  |2 konspekt 
072 7 |a 316.7  |x Sociológia kultúry. Kultúrny život  |2 konspekt 
080 |a 353.9  |2 2001 
080 |a 316.728  |2 2001 
080 |a (437.6)  |2 2001 
080 |a 050  |2 2001 
210 0 |a Trnavský hlas 
222 0 |a Trnavský hlas 
245 0 0 |a Trnavský hlas 
260 |a Trnava  |b WebHouse  |c 2009-2012 
300 |a zv.  |c 31-39 cm 
310 |a 1x týždenne 
362 0 |a Roč. I, č. 1 (okt. 2009) - roč. 4, č. 35 (aug./sept. 2012) 
500 |a Šéfredaktor: I (2009)-, Gabriel Kopúnek 
500 |a Evidenčné číslo: EV 3830/09 
500 |a Od č. 42 (2011) rozmer zv. 39 cm 
515 |a Niektoré čísla vychádzajú ako dvojčíslo 
650 0 7 |a územná samospráva  |2 SNKPH  |9 802 
650 0 7 |a spoločenský život  |2 SNKPH  |9 28654 
651 7 |a Dolné Považie (Slovensko : región)  |2 SNKPH  |9 133795 
655 7 |a regionálne noviny  |2 SNKPH  |9 265294 
700 1 |a Kopúnek, Gabriel  |4 pbd  |9 74026 
856 4 0 |a http://www.hlas.sk 
910 |a snk 
999 |c 10985  |d 12915 
952 |t č. 1-10  |a SNK  |b SNK  |y PREZ  |7 0  |p 17A1099707  |o snkČSB 6129/1/2009  |i snk2016/12084  |8 0  |0 0  |1 0  |4 0  |d 2016-05-10  |l 0  |r 2026-02-21 22:16:49  |w 2026-02-21 
952 |t č. 1-13  |a SNK  |b SNK  |y PREZ  |7 0  |p 17A1099706  |o snkČSB 6129/2/2010/1  |i snk2016/12086  |8 0  |0 0  |1 0  |4 0  |d 2016-05-10  |l 0  |r 2026-02-21 22:16:49  |w 2026-02-21 
952 |t č. 14-26  |a SNK  |b SNK  |y PREZ  |7 0  |p 17A1099705  |o snkČSB 6129/2/2010/2  |i snk2016/12263  |8 0  |0 0  |1 0  |4 0  |d 2016-05-12  |l 0  |r 2026-02-21 22:16:57  |w 2026-02-21 
952 |t č. 27-39  |a SNK  |b SNK  |y PREZ  |7 0  |p 17A1099704  |o snkČSB 6129/2/2010/3  |i snk2016/12266  |8 0  |0 0  |1 0  |4 0  |d 2016-05-12  |l 0  |r 2026-02-21 22:16:57  |w 2026-02-21 
952 |t č. 40-51  |a SNK  |b SNK  |y PREZ  |7 0  |p 17A1099703  |o snkČSB 6129/2/2010/4  |i snk2016/12269  |8 0  |0 0  |1 0  |4 0  |d 2016-05-12  |l 0  |r 2026-02-21 22:16:57  |w 2026-02-21 
952 |t č. 1-13,neúplný  |a SNK  |b SNK  |y PREZ  |7 0  |p 17A1099702  |o snkČSB 6129/3/2011/1  |i snk2016/12278  |8 0  |z chýba č. 8  |0 0  |1 0  |4 0  |d 2016-05-12  |l 0  |r 2026-02-21 22:16:57  |w 2026-02-21 
952 |t č. 14-26  |a SNK  |b SNK  |y PREZ  |7 0  |p 17A1099701  |o snkČSB 6129/3/2011/2  |i snk2016/12282  |8 0  |0 0  |1 0  |4 0  |d 2016-05-12  |l 0  |r 2026-02-21 22:16:57  |w 2026-02-21 
952 |t č. 27-39,neúplný  |a SNK  |b SNK  |y PREZ  |7 0  |p 17A1099700  |o snkČSB 6129/3/2011/3  |i snk2016/12289  |8 0  |z chýba č. 39  |0 0  |1 0  |4 0  |d 2016-05-12  |l 0  |r 2026-02-21 22:16:57  |w 2026-02-21 
952 |t č. 40-51  |a SNK  |b SNK  |y PREZ  |7 0  |p 17A1099699  |o snkČSB 6129/3/2011/4  |i snk2016/12297  |8 0  |0 0  |1 0  |4 0  |d 2016-05-12  |l 0  |r 2026-02-21 22:16:57  |w 2026-02-21 
952 |t č. 1-13  |a SNK  |b SNK  |c SNK_KF  |y PREZ  |7 3  |p 17A1099698  |o snkČSB 6129/4/2012/1  |i snk2016/12303  |8 0  |0 0  |1 0  |4 0  |d 2016-05-12  |l 0  |r 2026-02-21 22:16:57  |w 2026-02-21 
952 |t č. 14-26  |a SNK  |b SNK  |c SNK_KF  |y PREZ  |7 3  |p 17A1099697  |o snkČSB 6129/4/2012/2  |i snk2016/12306  |8 0  |0 0  |1 0  |4 0  |d 2016-05-12  |l 0  |r 2026-02-21 22:16:58  |w 2026-02-21 
952 |t č. 27-35  |a SNK  |b SNK  |c SNK_KF  |y PREZ  |7 3  |p 17A1099696  |o snkČSB 6129/4/2012/3  |i snk2016/12313  |8 0  |0 0  |1 0  |4 0  |d 2016-05-12  |l 0  |r 2026-02-21 22:16:58  |w 2026-02-21